50 Questions Sur Les États-Unis - Statistiques

Statistiques générales
  • Ce quiz a été pris 261 fois
  • Le résultat moyen est 18 sur 50
Statistiques - réponses
Question Réponse % Correct
Premier Président des États-Unis George Washington
99%
Capitale des États-Unis Washington
99%
Plus Grande Ville New York
95%
Ancien Président Donald Trump
93%
Actuel Président Joe Biden
90%
Pays Ayant Aidé les États-Unis pour leurs Extension vers L'ouest et ayant vendu la Louisiane France
75%
État le Plus Grand des États-Unis Alaska
74%
État le Plus Grand des États-Unis Continentaux Texas
72%
Nombres d'états aux États-Unis 52
65%
Base Militaire Située à Hawaï Attaquée par le Japon en 1941 Pearl Harbor
60%
Dernier Président Assassiné John Kennedy
55%
État le Plus Riche des États Unis Californie
54%
Premier Président du Parti Républicain Abraham Lincoln
51%
Pays à qui ce Territoire à été acheté en 1867 Russie
51%
Président des États-Unis Pendant une Grande Partie de La Seconde guerre mondiale Franklin Roosevelt
50%
Président Ayant fait basculé les États-Unis dans le 20ème Siècle Théodore Roosevelt
50%
Date de L'indépendance des États Unis, 1776
44%
État Ou La Majorité des Villes ont un Nom Français Louisiane
41%
Union Dont Les États-Unis font Parti Otan
40%
Guerre Civile Opposant Les États Sécéssionistes et les États du Nord sur la Question de L'abolition de L'esclavage Guerre de Sécéssion
39%
Actuelle Vice Présidente Kamala Harris
39%
Nombres d'états au moment de L'indépendance des États Unis 13
36%
Président Ayant Autorisé l'utilisation de La Bombe Atomique sur le Japon en 1945 Harry Truman
35%
Chaine Montagnes de L'ouest du Pays Passant Également par le Canada Montagnes Rocheuses
35%
Pays Ayant été envahi en 2003 qui a été occupé Jusqu'en 2011 Irak
31%
Bombe Larguée sur Hiroshima Little Boy
27%
Gentilé Masculin (Nom des Habitants) des États-Unis États Uniens
24%
Premier Président du Parti Républicain Démocrate Thomas Jefferson
24%
Président des États-Unis Pendant la 1ere Guerre Mondiale Woodrow Wilson
23%
Chef Lieu de L'état de Californie Sacramento
22%
Date de L'abolition de L'esclavage aux États-Unis 1865
19%
Bombe Larguée sur Nagasaki Fat Man
18%
Peuple d'Europe Migrant aux États-Unis à Cause de La Famine Causée dans leurs pays dans les Années 1840 1850 Irlandais
18%
Seul État des États-Unis ayant une Seule Frontière avec un Autre État Maine
18%
Acteur et Culturiste Austro Américain avant été Gouverneur de cet État de 2003 à 2011 Arnold Schwarzenegger
16%
Seul et Unique Président du parti Fédéraliste John Adams
14%
Union proposée par ce Président après la Guerre pour Garantir la Paix Société des Nations
14%
Bd Crée par Stan Lee sortie en 1967 ayant Révolutioné Le Cinéma et la Bande Dessinée Spider-man
13%
Premier Président du Parti Démocrate Andrew Jackson
12%
Président Ayant Donné Son Nom à La Doctrine qui Visait à écarter L'Europe des Affaires du Pays James Monroe
11%
Chaine Montagnes de la Côte est des États Unis qui passe Également par le Canada Apalaches
10%
Événement Majeur se Déroulant à New York en 1929 Crise Économique
9%
Président aux Commandes des États-Unis au Moment de L'achat de L'Alaska Andrew Johnson
8%
4e Président des États-Unis Étant L'un des Principaux Artisan de La Constitution du Pays James Madison
8%
Date de L'annexion du Texas 1845
7%
Atoll ayant Déclenché la Guerre du Pacifique Midway
6%
Successeur de ce Président Élu en 1908 William Howard Taft
5%
Chef Lieu de L'état de la Floride Tallahasee
4%
14 ème Président des États-Unis Franklin Pierce
2%
Président Ayant le Mandat le Plus Court de L'histoire des États-Unis William Henry Harrison
2%
Aucun quiz correspondant
Distribution des résultats
% des personnes avec chaque résultat
Percentile par nombre de réponses
Votre historique - résultats
Vous n’avez pas pris ce quiz